00766nam a2200193Ia 4500001001000000003000500010008004100015010001100056040000900067100003700076245019000113260003400303300001000337502010600347650002700453650001500480650002700495710005000522Para_9156CHAP220125s2006 xx 000 0 und d a207889 cCHAP aGonzález Ochoa, Mitzi Georgina aManejo químico preventivo y curativo de la antracnosis (Colletotrichum gloesporioides Penz.) en hojas de mango (Mangifera indica L.) cv. Haden /c por Mitzi Georgina González Ochoa aChapingo, Méx. :b el autor a51 h. aTesis (Ing. Agr. Esp. en Parasitología Agrícola) -- UACh. Departamento Parasitología Agrícola aAntracnosis del mango  aFungicidas aMango x enfermedades  aUACh. Departamento Parasitología Agrícola